000 01426nab a2200241 i 4500
001 768714001
003 CO-MdFUSB
005 20240731104340.0
008 240731t1987 -us||||| |||| 00| 0 eng d
040 _bspa
_cCO-MdFUSB
_dCO-MdFUSB
041 _aeng
100 _aHendricks, Barbara,
_d1948-
_eautor
245 _aMy pilgrimage in mission
_c/ Barbara Hendricks
520 _aAbrazar una nueva realidad cultural y espiritual no fue el único enfoque de la evangelización en América Latina durante la segunda mitad del siglo XX. También indicó que el misionero del primer mundo comprendía la pobreza generalizada y el maltrato. Aquí, los humanos desnudos aparecen en su crudeza y vulnerabilidad. Nuevas dimensiones emergen en la división de la población de nuestro planeta entre los que poseen más y los que tienen menos de lo necesario para sobrevivir, a pesar de que antes permanecían en silencio. La cuestión ya no es ricos o pobres, sino quién puede vivir y quién no.
546 _aTexto en inglés.
650 0 _aMisiones
_9154
650 0 _aEvangelización
_9362
650 0 _aIglesia y problemas sociales
_91177
653 _aAmérica latina
773 0 _049483
_982882
_oR2710
_tInternational Bulletinof Missionary Research
_w(CO-MdFUSB)768714001
_x0272-6122
_gVolumen 11, (número 2, 1987), páginas: 59 - 61
_qpágina: 59
942 _cANA
945 _aCatherine Arias Álvarez - Practicante SENA
999 _c70636
_d70636